[Event "Africa-ch rapid (Women)"]
[Site "Accra"]
[Date "2024.03.10"]
[Round "3"]
[White "Laubscher, Anzel"]
[Black "Yavo Tchetche, Marie"]
[Result "0-1"]
[WhiteElo "1820"]
[BlackElo "1659"]
[PlyCount "136"]
[EventDate "2024.03.07"]
[EventType "swiss (rapid)"]
[EventRounds "6"]
[EventCountry "GHA"]
[SourceTitle "CB15_2024"]
[SourceDate "2024.04.10"]
[SourceVersion "1"]
[SourceVersionDate "2024.04.10"]
[SourceQuality "1"]

1. e4 e6 2. d3 c5 3. Nf3 Nc6 4. g3 d6 5. Bg2 Nf6 6. 0-0 g6 7. Re1 Bg7 8. c3 0-0 9. d4 cxd4 10. cxd4 e5 11. d5 Ne7 12. Qb3 Nh5 13. Nc3 f5 14. Bg5 h6 15. Bxe7 Qxe7 16. Nh4 Kh7 17. Rac1 a6 18. Qb6 f4 19. Nf3 Rf7 20. Ne2 Bg4 21. Rc3 Raf8 22. h3 Bxf3 23. Rxf3 fxg3 24. Rxf7 Rxf7 25. fxg3 Bf8 26. Rf1 Rxf1+ 27. Kxf1 Qf7+ 28. Qf2 Qxf2+ 29. Kxf2 Be7 30. Ke3 Bd8 31. g4 Bb6+ 32. Kf3 Nf6 33. Nc3 Bd4 34. Ke2 g5 35. Kd3 h5 36. Bf3 hxg4 37. hxg4 Nd7 38. b3 Nc5+ 39. Kd2 Bxc3+ 40. Kxc3 b6 41. a3 Kg6 42. Bg2 Kf6 43. Bf3 Ke7 44. b4 Nb7 45. Be2 a5 46. Ba6 Nd8 47. bxa5 bxa5 48. Bc8 Nf7 49. Kb3 Kd8 50. Bf5 Kc7 51. Be6 Nd8 52. Ka4 Kb6 53. Bc8 Nf7 54. Be6 Nd8 55. Bc8 Nf7 56. Be6 Nh6 57. Bd7 Ng8 58. Be6 Nf6 59. Bf5 Ne8 60. Bd7 Nc7 61. Bc6 Na6 62. Kb3 Nc5+ 63. Kc3 Nxe4+ 64. Kc2 Kc5 65. a4 Nf6 66. Kd3 Nxg4 67. Ke4 Nf6+ 68. Kf5 Nxd5 0-1

[Event "Africa-ch rapid (Women)"]
[Site "Accra"]
[Date "2024.03.10"]
[Round "2"]
[White "Wafa, Shahenda"]
[Black "Laubscher, Anzel"]
[Result "1-0"]
[WhiteElo "2083"]
[BlackElo "1820"]
[PlyCount "71"]
[EventDate "2024.03.07"]
[EventType "swiss (rapid)"]
[EventRounds "6"]
[EventCountry "GHA"]
[SourceTitle "CB15_2024"]
[SourceDate "2024.04.10"]
[SourceVersion "1"]
[SourceVersionDate "2024.04.10"]
[SourceQuality "1"]

1. e4 c5 2. Nf3 d6 3. d4 cxd4 4. Nxd4 Nf6 5. Nc3 g6 6. f3 Bg7 7. Be3 0-0 8. Qd2 Nc6 9. g4 Bxg4 10. fxg4 Nxg4 11. Nxc6 bxc6 12. Bd4 e5 13. Bg1 f5 14. Qg2 Qc7 15. h3 Nh6 16. 0-0-0 Rab8 17. Bc4+ Kh8 18. Qd2 Qb7 19. Bb3 c5 20. Qd5 fxe4 21. Qxb7 Rxb7 22. Nxe4 Nf5 23. Be6 Nd4 24. Bxd4 exd4 25. Bd5 Rb6 26. Rhf1 Bh6+ 27. Kb1 Rfb8 28. b3 a5 29. a4 Rf8 30. Rxf8+ Bxf8 31. Rf1 Bg7 32. Rf7 Rb8 33. Kc1 h6 34. Kd2 Rd8 35. Ra7 Rf8 36. Rxa5 1-0

[Event "RSA-ch (Women)"]
[Site "Cape Town"]
[Date "2022.05.13"]
[Round "6"]
[White "Laubscher, Anzel"]
[Black "February, Jesse Nikki"]
[Result "0-1"]
[WhiteElo "1720"]
[BlackElo "1890"]
[PlyCount "106"]
[EventDate "2022.05.08"]
[EventType "tourn"]
[EventRounds "7"]
[EventCountry "RSA"]
[SourceTitle "CBM 208 Extra"]
[Source "ChessBase"]
[SourceDate "2022.07.31"]
[SourceVersion "1"]
[SourceVersionDate "2022.07.31"]
[SourceQuality "1"]

1. e4 e6 2. d3 c5 3. Nf3 Nc6 4. g3 Nge7 5. Bg2 g6 6. 0-0 Bg7 7. c3 e5 8. Nbd2 0-0 9. Nc4 d5 10. exd5 Nxd5 11. Re1 Re8 12. a4 Rb8 13. Bg5 f6 14. Bc1 Be6 15. h4 Qd7 16. Kh2 Rbd8 17. Ncd2 Nc7 18. Ne4 b6 19. a5 Qxd3 20. Qxd3 Rxd3 21. axb6 axb6 22. Nfd2 Ne7 23. Bf1 Rd7 24. Nc4 Ned5 25. Ra7 Red8 26. Rb7 Ne8 27. Rxd7 Rxd7 28. Ne3 Nxe3 29. Bxe3 Nd6 30. Nxd6 Rxd6 31. Ra1 Kf7 32. Ra7+ Rd7 33. Ra6 Rb7 34. Bg2 Rb8 35. Ra7+ Kg8 36. Ra6 Bf8 37. Ra7 f5 38. Bg5 c4 39. Bf6 e4 40. Be5 Rc8 41. Rb7 Bc5 42. Rg7+ Kf8 43. Rxh7 Bxf2 44. g4 e3 45. Rh8+ Ke7 46. Rh7+ Kf8 47. Rh8+ Bg8 48. Bd6+ Kg7 49. Be5+ Kf7 50. Bd5+ Ke7 51. Bxg8 Rxg8 52. Rxg8 e2 53. Rg7+ Kf8 0-1

[Event "RSA-ch (Women)"]
[Site "Cape Town"]
[Date "2022.05.09"]
[Round "2"]
[White "Laubscher, Anzel"]
[Black "Badenhorst, Chloe"]
[Result "0-1"]
[WhiteElo "1720"]
[BlackElo "1585"]
[PlyCount "84"]
[EventDate "2022.05.08"]
[EventType "tourn"]
[EventRounds "7"]
[EventCountry "RSA"]
[SourceTitle "CBM 208 Extra"]
[Source "ChessBase"]
[SourceDate "2022.07.31"]
[SourceVersion "1"]
[SourceVersionDate "2022.07.31"]
[SourceQuality "1"]

1. d4 Nf6 2. c4 g6 3. g3 Bg7 4. Bg2 d5 5. cxd5 Nxd5 6. e4 Nb6 7. Ne2 Nc6 8. d5 Nb8 9. Nbc3 c6 10. 0-0 0-0 11. Bg5 h6 12. Bf4 e5 13. Be3 cxd5 14. exd5 N8d7 15. b3 Nf6 16. Rc1 Bd7 17. Qd2 Kh7 18. a4 Rc8 19. a5 Na8 20. d6 Bc6 21. Bh3 Nd7 22. b4 b6 23. Nd5 Bxd5 24. Qxd5 Rxc1 25. Rxc1 f5 26. Bg2 e4 27. Nf4 Nf6 28. Qc6 Re8 29. axb6 Nxb6 30. Bxb6 Qxb6 31. Qxb6 axb6 32. Rc7 g5 33. Ne2 Rd8 34. Rc6 Ne8 35. Rxb6 Nxd6 36. Nc1 Nc4 37. Rc6 Rd1+ 38. Bf1 Nd2 39. Rc2 Nxf1 40. Kg2 Nd2 41. b5 Nf3 42. Ne2 Ne1+ 0-1

[Event "RSA-ch (Women)"]
[Site "Cape Town"]
[Date "2019.12.16"]
[Round "10"]
[White "Du Plessis, Anika"]
[Black "Laubscher, Anzel"]
[Result "1/2-1/2"]
[WhiteElo "1576"]
[BlackElo "1746"]
[PlyCount "75"]
[EventDate "2019.12.07"]
[EventType "tourn"]
[EventRounds "11"]
[EventCountry "RSA"]
[SourceTitle "CBM 193 Extra"]
[Source "ChessBase"]
[SourceDate "2020.01.31"]
[SourceVersion "1"]
[SourceVersionDate "2020.01.31"]
[SourceQuality "1"]

1. d4 d5 2. Nf3 Nf6 3. c4 e6 4. g3 Be7 5. cxd5 exd5 6. Bg2 0-0 7. 0-0 c6 8. Nc3 Nbd7 9. Bd2 Re8 10. a3 a5 11. Qc2 Nf8 12. Ne5 Bd6 13. f4 g6 14. e4 Nxe4 15. Nxe4 dxe4 16. Bxe4 Bh3 17. Bg2 Bxg2 18. Kxg2 Bxe5 19. dxe5 Qd5+ 20. Kg1 Ne6 21. Bc3 Red8 22. Rad1 Qc5+ 23. Qf2 a4 24. Kg2 Qxf2+ 25. Kxf2 Nc5 26. Ke3 Nb3 27. g4 Kf8 28. f5 Ke8 29. Kf4 h5 30. h3 Rd7 31. Rxd7 Kxd7 32. Kg5 hxg4 33. fxg6 fxg6 34. hxg4 Ke6 35. Rf6+ Kd5 36. Rxg6 Nc5 37. Kf5 Ne4 38. Rg7 1/2-1/2

[Event "Africa-ch (Women)"]
[Site "Livingstone"]
[Date "2018.05.13"]
[Round "1"]
[White "Nkhoma, Desiderata"]
[Black "Laubscher, Anzel"]
[Result "0-1"]
[WhiteElo "1481"]
[BlackElo "1803"]
[PlyCount "122"]
[EventDate "2018.05.13"]
[EventType "swiss"]
[EventRounds "9"]
[EventCountry "ZAM"]
[SourceTitle "CBM 184 Extra"]
[Source "ChessBase"]
[SourceDate "2018.06.28"]
[SourceVersion "1"]
[SourceVersionDate "2018.06.28"]
[SourceQuality "1"]

1. e4 c5 2. Nf3 d6 3. d4 cxd4 4. Nxd4 Nf6 5. Nc3 g6 6. Be2 Bg7 7. 0-0 0-0 8. Be3 Nc6 9. Rb1 a6 10. a3 Nxd4 11. Bxd4 b5 12. Bf3 Bb7 13. e5 Bxf3 14. Qxf3 Nd7 15. Be3 Nxe5 16. Qd1 Nc4 17. Bd4 Bxd4 18. Qxd4 Qb6 19. Qd1 e6 20. Ne4 Rad8 21. Re1 d5 22. Ng5 h6 23. Nf3 Rc8 24. Qc1 Kh7 25. Qf4 Qd6 26. Qd4 Rc7 27. Re2 f6 28. h3 e5 29. Qg4 e4 30. Nd4 f5 31. Qh4 g5 32. Qh5 Re7 33. g4 fxg4 34. hxg4 Qg6 35. Qh3 Ne5 36. Rf1 Rf4 37. f3 exf3 38. Rxe5 Rxe5 39. Nxf3 Ree4 40. Nh2 Rxf1+ 41. Qxf1 Rf4 42. Qe2 Qe4 43. Qd2 Qd4+ 44. Qxd4 Rxd4 45. Nf3 Rxg4+ 46. Kf2 Rf4 47. Ke3 Rxf3+ 48. Kxf3 h5 49. b3 Kg6 50. c3 Kf5 51. Ke3 h4 52. Kd4 h3 53. Kxd5 h2 54. Kc5 h1Q 55. Kb4 Ke5 56. Ka5 Qc6 57. Kb4 Kd5 58. Ka5 Kc5 59. b4+ Kc4 60. a4 bxa4 61. b5 Qxb5# 0-1

[Event "RSA-ch (Women)"]
[Site "Durbanville"]
[Date "2017.12.17"]
[Round "9"]
[White "Laubscher, Anzel"]
[Black "Modi, Sonia"]
[Result "0-1"]
[WhiteElo "1804"]
[BlackElo "1671"]
[PlyCount "112"]
[EventDate "2017.12.09"]
[EventType "tourn"]
[EventRounds "11"]
[EventCountry "RSA"]
[SourceTitle "CBM 182 Extra"]
[Source "ChessBase"]
[SourceDate "2018.02.23"]
[SourceVersion "1"]
[SourceVersionDate "2018.02.23"]
[SourceQuality "1"]

1. e4 e6 2. d4 d5 3. e5 c5 4. c3 Qb6 5. Nf3 Nc6 6. Bd3 Bd7 7. 0-0 cxd4 8. cxd4 Nxd4 9. Nbd2 Nc6 10. Nb3 g6 11. Be3 Qc7 12. Rc1 Bg7 13. Re1 Qb8 14. Nc5 Qc8 15. Qb3 Nge7 16. Nxb7 0-0 17. Bc5 Qe8 18. Qa3 Rb8 19. Bxe7 Qxe7 20. Qxe7 Nxe7 21. Rc7 Bc8 22. Nd6 Nf5 23. Bxf5 gxf5 24. Rec1 Ba6 25. Rxa7 Rb6 26. Ng5 Bxe5 27. Ndxf7 Bg7 28. Rcc7 h6 29. Nf3 Rxb2 30. h3 Be2 31. N7g5 Rb1+ 32. Kh2 Ba1 33. Rc2 hxg5 34. Rxe2 g4 35. hxg4 fxg4 36. Ng5 Rf5 37. Ra8+ Kg7 38. Nxe6+ Kh7 39. Kg3 Rb4 40. Nf8+ Kh6 41. Nd7 Rf7 42. Ne5 Re7 43. Nc6 Rxe2 44. Nxb4 Kh5 45. Nxd5 Be5+ 46. f4 Bd4 47. Ra5 Bf2+ 48. Kh2 Kh4 49. g3+ Bxg3+ 50. Kg1 Kh3 51. Ne3 Rxe3 52. Rh5+ Bh4 53. Re5 Rg3+ 54. Kf1 Rf3+ 55. Ke2 Rxf4 56. Ke3 Ra4 0-1

[Event "RSA-ch (Women)"]
[Site "Durbanville"]
[Date "2017.12.15"]
[Round "7"]
[White "Laubscher, Anzel"]
[Black "Joubert, Dantelle"]
[Result "1-0"]
[WhiteElo "1804"]
[BlackElo "1634"]
[PlyCount "87"]
[EventDate "2017.12.09"]
[EventType "tourn"]
[EventRounds "11"]
[EventCountry "RSA"]
[SourceTitle "CBM 182 Extra"]
[Source "ChessBase"]
[SourceDate "2018.02.23"]
[SourceVersion "1"]
[SourceVersionDate "2018.02.23"]
[SourceQuality "1"]

1. e4 e5 2. Nf3 Nc6 3. d4 exd4 4. Bc4 Bc5 5. c3 Nf6 6. e5 d5 7. Bb5 Ne4 8. Nxd4 0-0 9. Bxc6 bxc6 10. 0-0 f6 11. exf6 Qxf6 12. f3 Ng5 13. Be3 Bb6 14. Nd2 Bd7 15. N2b3 Ne6 16. Qd2 Rae8 17. Rae1 Nxd4 18. Bxd4 Qg6 19. Nc5 Rxe1 20. Rxe1 Bxc5 21. Bxc5 Rxf3 22. Bxa7 Bf5 23. Bc5 Bd3 24. Re8+ Qxe8 25. gxf3 Qg6+ 26. Kf2 Bb1 27. a4 Qh5 28. Qf4 Qf7 29. Qxf7+ Kxf7 30. Ke3 Ba2 31. Bd4 g6 32. Be5 Ke6 33. Bxc7 Kd7 34. Bb6 Bc4 35. Kd4 Ke6 36. Kc5 Kd7 37. b4 Bb3 38. a5 Bc4 39. Kd4 Ke6 40. Bc7 Bb5 41. Kc5 Kd7 42. Kb6 h6 43. Bg3 h5 44. a6 1-0

[Event "Livingstone zt 4.3 (Women)"]
[Site "Livingstone"]
[Date "2017.06.10"]
[Round "1"]
[White "Laubscher, Anzel"]
[Black "De Bruyn, Aleida"]
[Result "1-0"]
[WhiteElo "1802"]
[BlackElo "1702"]
[PlyCount "85"]
[EventDate "2017.06.10"]
[EventType "swiss"]
[EventRounds "9"]
[EventCountry "ZAM"]
[SourceTitle "EXT 2020"]
[Source "ChessBase"]
[SourceDate "2019.10.17"]
[SourceVersion "1"]
[SourceVersionDate "2019.10.17"]
[SourceQuality "1"]

1. e4 c5 2. d4 cxd4 3. c3 dxc3 4. Nxc3 Nc6 5. Nf3 d6 6. Bc4 e6 7. 0-0 Be7 8. Qe2 Nf6 9. Rd1 e5 10. Bb5 0-0 11. Bxc6 bxc6 12. Nxe5 Qc7 13. Nf3 a5 14. Bf4 Nh5 15. Be3 Ba6 16. Qc2 Qb7 17. Rac1 Rac8 18. Nd4 d5 19. Nf5 Nf6 20. Bd4 Rb8 21. e5 Nh5 22. Nxe7+ Qxe7 23. Qd2 g6 24. Na4 Qb7 25. Nc5 Qc8 26. Qxa5 Be2 27. Rd2 Bg4 28. Qc3 Nf4 29. f3 Bf5 30. Qe3 Ne6 31. Nxe6 Bxe6 32. Qc3 Bd7 33. a3 Re8 34. f4 Rb5 35. b4 Qa6 36. Ra2 Rc8 37. e6 Bxe6 38. Bh8 Kf8 39. Qg7+ Ke7 40. Qf6+ Kd7 41. Qc3 Rb7 42. Be5 Qb6+ 43. Kh1 1-0